[Event "Torquay Paignton Bloodworth op"]
[Site "Torquay"]
[Date "2018.09.04"]
[Round "3"]
[White "Rogers, David R"]
[Black "Fierek, Eddie"]
[Result "1/2-1/2"]
[WhiteElo "132"]
[BlackElo "120"]
[PlyCount "32"]
[EventDate "2018.09.02"]
[EventType "swiss"]
[EventRounds "7"]
[EventCountry "ENG"]
[SourceTitle "CBM 187 Extra"]
[Source "ChessBase"]
[SourceDate "2018.11.04"]
[SourceVersion "1"]
[SourceVersionDate "2018.11.04"]
[SourceQuality "1"]

1. d4 Nf6 2. Nf3 e6 3. Bg5 d5 4. e3 Be7 5. Nbd2 0-0 6. Bd3 Nbd7 7. 0-0 h6 8. Bh4 c5 9. c3 b6 10. Re1 Bb7 11. e4 Nxe4 12. Bxe7 Qxe7 13. Nxe4 dxe4 14. Bxe4 Bxe4 15. Rxe4 Nf6 16. Re1 cxd4 1/2-1/2